000 00677nam a2200241Ia 4500
003 OSt
005 20220918214524.0
006 a|||||r|||| 00| 0
007 ta
008 220917b |||||||| |||| 00| 0 eng d
024 _a137,837
037 _cTextual
040 _aARTS
_cARTS
_beng
041 _2eng
_aeng
082 _aY:1z7, L7
100 _aThulaseedharan K ed
_9131604
245 0 _aConflict and culture
_b sociological essays edited by K Thulaseedharan
260 _aTrivandrum
_bCollege Book House
_c1977
300 _avii,91p.
_ccm.
650 _aSOCIOLOGY
942 _hY:1z7, L7
_cTEXL
_2CC
999 _c260911
_d260911